000
00192 a2200097 4500
020
_a
9780545940788
041
_a
eng
100
_a
Meadows, Daisy
245
_a
Magic animal friends
942
_c
BK
999
_c
31310
_d
31308